| 000 -LEADER |
| fixed length control field |
00661pam a2200217 a 4500 |
| 020 ## - INTERNATIONAL STANDARD BOOK NUMBER |
| ISBN |
053456268X |
| 020 ## - INTERNATIONAL STANDARD BOOK NUMBER |
| ISBN |
0534562698 |
| 020 ## - INTERNATIONAL STANDARD BOOK NUMBER |
| ISBN |
0534376088 |
| 040 ## - CATALOGING SOURCE |
| Transcribing agency |
DLC |
| 082 00 - DEWEY DECIMAL CLASSIFICATION NUMBER |
| Classification number |
363 BRO 2000 C159 Or. |
| 100 1# - MAIN ENTRY--AUTHOR NAME |
| Personal name |
Miller, G. Tyler |
| 245 10 - TITLE STATEMENT |
| Title |
Living in the environment : |
| Remainder of title |
principles, connections, and solutions / |
| 250 ## - EDITION STATEMENT |
| Edition statement |
11th ed. |
| 260 ## - PUBLICATION, DISTRIBUTION, ETC. (IMPRINT) |
| Place of publication |
Pacific Grove : |
| Name of publisher |
Brooks/Cole, |
| Year of publication |
c2000. |
| 300 ## - PHYSICAL DESCRIPTION |
| Number of Pages |
1 v. (various pagings) : |
| Other physical details |
ill. (some col.), col maps ; |
| Dimensions |
29 cm. |
| 500 ## - GENERAL NOTE |
| General note |
"Annotated instructor's edition"--Cover. |
| 650 #0 - SUBJECT ADDED ENTRY--TOPICAL TERM |
| Topical Term |
Environmental sciences. |
| 650 #0 - SUBJECT ADDED ENTRY--TOPICAL TERM |
| Topical Term |
Human ecology. |
| 650 #0 - SUBJECT ADDED ENTRY--TOPICAL TERM |
| Topical Term |
Environmental policy. |
| 942 ## - ADDED ENTRY ELEMENTS (KOHA) |
| Koha item type |
ADB |
| 952 ## - LOCATION AND ITEM INFORMATION (KOHA) |
| Withdrawn status [LOCAL, KOHA] |
0 |